000 01122nas a2200385 4500
001 BR2010004337
003 BR-BrBNA
005 20231205114723.0
007 ta
008 230509b bl.|||p| |||| 00| 00por d
040 _aBR-BrBNA
_bpor
_cBiblioteca Nacional de Agricultura
041 _a(Pt)
072 _aH20
100 1 _aLima, M.F.
100 1 _aNagata, T.
100 1 _aNeves, F.M.
100 1 _aInoue-Nagata, A.K.
100 1 _aMoita, A.W.
100 1 _aSousa, C.
100 1 _aVechia, M.D.
100 1 _aRangel, M.G.
100 1 _aDias, R. de C.S.
100 1 _aDutra, L.S.
100 1 _aÁvila, A.C. de
245 1 _aDetecção por sorologia do Melon yellowing associated virus (MYaV)em áreas produtoras de melão no nordeste brasileiro
650 _aMELÃO
650 _aDOENÇA DE PLANTA
650 _aVIRUS
650 _aLEVANTAMENTO
650 _aSORO
650 _aVARIEDADE RESISTENTE
773 0 _tHorticultura Brasileira (Brazil)
_xISSN 0102-0536
_g(Oct-Dec 2009), v. 27(4) p. 478-483
_wBR2010004337
909 _a202311
_bLúcia
_c55
_dLúcia Elande
942 _2AGRIS
_n0
_cANA
999 _c210144
_d210144